English Players in UEFA Champions League (2000-) - Statistics

General Stats
  • This quiz has been taken 165 times
  • The average score is 100 of 270
Answer Stats
Ranking Player Positions Nationality Matches Goals (assists) Periods Clubs % Correct
3 Frank Lampard MF 105 23 (22) 2003-2015
97%
13 David Beckham MF 66 9 (20) 2000-2006, 2009-2010, 2012-2013
96%
2 Ashley Cole DF 108 1 (9) 2000-2015
95%
20 Harry Kane FW 57 40 (11) 2016-2019, 2022-2025
95%
82 Andy Cole FW 14 5 (0) 2000-2002
94%
192 Carlton Cole FW 2 0 (0) 2005-2006
94%
21 Joe Cole MF 57 5 (5) 2003-2009, 2011-2012
94%
18 Kyle Walker DF, MF 59 1 (1) 2016-2025
94%
6 Raheem Sterling MF, FW 88 27 (20) 2014-2022, 2024-2025
94%
7 Wayne Rooney MF, FW 85 30 (17) 2004-2013, 2015-2016
94%
9 James Milner DF, MF 73 4 (17) 2011-2014, 2017-2023
93%
242 Kazaiah Sterling MF 1 0 (0) 2017-2018
93%
14 Phil Foden MF, FW 61 18 (14) 2017-2025
92%
4 Rio Ferdinand DF 93 2 (0) 2000-2001, 2002-2014
92%
10 Steven Gerrard MF 71 21 (15) 2001-2002, 2004-2009, 2014-2015
92%
36 Jadon Sancho MF, FW 35 7 (6) 2018-2021, 2023-2024
91%
26 Jude Bellingham MF 47 13 (13) 2020-2025
91%
19 John Stones DF, MF 58 6 (4) 2016-2025
90%
1 John Terry DF 109 10 (2) 2003-2016
90%
22 Jordan Henderson MF 54 2 (3) 2014-2015, 2017-2023
89%
15 Trent Alexander-Arnold DF 60 2 (10) 2017-2022, 2024-2025
88%
194 Dean Henderson GK 2 0 (0) 2020-2022
87%
35 Kieran Trippier DF, MF 36 0 (7) 2016-2021, 2023-2024
87%
5 Paul Scholes MF 90 15 (8) 2000-2010, 2012-2013
85%
71 Bukayo Saka DF, MF, FW 18 10 (6) 2023-2025
84%
68 Curtis Jones DF, MF 19 1 (6) 2020-2022, 2024-2025
83%
29 Eric Dier DF, MF 41 1 (1) 2016-2019, 2022-2025
83%
37 Jack Grealish MF, FW 34 2 (4) 2021-2025
83%
24 Joe Hart GK 51 0 (0) 2011-2015, 2022-2024
83%
60 Phil Jones DF, MF 22 2 (1) 2011-2013, 2015-2016, 2018-2019
83%
43 Reece James DF, MF 30 3 (2) 2019-2023
83%
34 Mason Mount MF, FW 37 3 (6) 2019-2024
81%
11 Michael Carrick MF 70 4 (1) 2006-2013, 2015-2016
81%
44 Michael Owen FW 29 11 (2) 2001-2002, 2004-2005, 2009-2012
81%
56 Declan Rice MF 23 4 (3) 2023-2025
80%
8 Jamie Carragher DF, MF 80 0 (2) 2001-2002, 2004-2010
80%
12 Gary Neville DF 69 1 (3) 2000-2010
79%
80 Harry Maguire DF 15 2 (0) 2020-2021, 2023-2024
79%
110 Jamie Vardy FW 9 2 (0) 2016-2017
79%
63 Luke Shaw DF, MF 21 0 (4) 2015-2016, 2017-2018, 2020-2021, 2023-2024
78%
42 Phil Neville DF, MF 32 1 (2) 2000-2005
78%
33 Marcus Rashford MF, FW 37 12 (6) 2017-2018, 2020-2021, 2023-2025
77%
40 Ashley Young DF, FW 33 1 (2) 2011-2013, 2015-2016, 2017-2018, 2020-2021
76%
23 Alex Oxlade-Chamberlain MF, FW 51 9 (6) 2011-2017, 2019-2023
75%
75 Conor Gallagher MF 17 1 (1) 2022-2023, 2024-2025
74%
41 Fikayo Tomori DF 32 1 (2) 2019-2020, 2021-2025
72%
31 Joe Gomez DF 40 0 (2) 2017-2022, 2024-2025
72%
92 Ollie Watkins FW 12 1 (4) 2024-2025
71%
58 Tammy Abraham FW 22 6 (3) 2019-2020, 2024-2025
71%
16 Theo Walcott MF, FW 59 15 (9) 2006-2017
71%
69 Ben White DF, MF 19 0 (1) 2023-2025
70%
27 Chris Smalling DF 44 2 (0) 2010-2013, 2015-2016, 2017-2019
70%
38 Peter Crouch FW 33 13 (4) 2005-2007, 2010-2011
68%
120 Cole Palmer MF, FW 8 1 (0) 2020-2023
67%
52 Danny Welbeck MF, FW 24 7 (0) 2009-2010, 2011-2016
67%
17 Wes Brown DF 59 1 (3) 2000-2011
67%
45 Daniel Sturridge MF, FW 28 4 (4) 2009-2012, 2017-2019
66%
50 David Seaman GK 26 0 (0) 2000-2003
66%
49 Dele Alli MF, FW 26 4 (8) 2016-2020
66%
72 Rico Lewis DF, MF 18 1 (4) 2022-2025
66%
90 Danny Drinkwater MF 13 0 (1) 2016-2018
65%
150 Adam Johnson MF 5 0 (0) 2011-2012
64%
70 Glen Johnson DF 19 0 (0) 2003-2004, 2009-2010, 2014-2015
64%
83 Harvey Elliott MF, FW 14 5 (0) 2021-2022, 2024-2025
64%
32 Gary Cahill DF 38 4 (1) 2011-2015, 2017-2018
63%
48 Alan Smith MF, FW 26 6 (1) 2000-2001, 2004-2007
62%
46 Steve McManaman MF 27 4 (1) 2000-2003
62%
57 Ben Chilwell DF, MF 23 1 (0) 2016-2017, 2020-2023
61%
59 Jack Wilshere MF 22 4 (5) 2008-2010, 2012-2015
61%
129 Kalvin Phillips MF 7 1 (0) 2022-2024
61%
131 Nathaniel Phillips DF 7 0 (0) 2020-2021, 2023-2024
61%
25 Owen Hargreaves MF 50 0 (4) 2000-2009
61%
47 Ruben Loftus-Cheek DF, MF, FW 27 0 (2) 2014-2015, 2021-2025
61%
28 Sol Campbell DF, FW 41 2 (1) 2001-2005, 2009-2010
61%
54 Jamie Gittens MF, FW 23 5 (0) 2022-2025
60%
67 Jesse Lingard MF, FW 20 0 (2) 2015-2016, 2017-2018, 2021-2022
60%
126 Tony Adams DF 8 0 (0) 2000-2001
60%
99 Alan Shearer FW 10 6 (1) 2002-2003
58%
236 Jacob Wright FW 1 0 (0) 2023-2024
57%
157 Jermain Defoe FW 4 2 (0) 2010-2011
57%
166 Richard Wright GK 4 0 (0) 2001-2002
57%
189 Stephen Wright DF 2 1 (0) 2001-2002
57%
138 Anthony Gordon MF, FW 6 0 (0) 2023-2024
53%
154 Nick Pope GK 5 0 (0) 2023-2024
53%
55 Callum Hudson-Odoi DF, MF, FW 23 4 (3) 2019-2023
51%
30 Kieran Gibbs DF, MF 40 1 (4) 2008-2017
51%
100 Mason Greenwood MF, FW 10 2 (2) 2018-2019, 2020-2022
51%
153 Micah Richards DF 5 0 (0) 2011-2014
51%
39 Nicky Butt DF, MF 33 2 (0) 2000-2004
51%
94 Teddy Sheringham FW 11 5 (2) 2000-2001
51%
73 Danny Rose DF, MF 18 0 (2) 2016-2020
50%
165 Omar Richards DF 4 0 (0) 2021-2022
50%
91 Morgan Rogers MF, FW 12 4 (2) 2024-2025
49%
221 Aaron Ramsdale GK 1 0 (0) 2023-2024
48%
118 Angel Gomes MF, FW 8 2 (1) 2021-2022, 2024-2025
48%
102 Jacob Ramsey MF, FW 10 1 (2) 2024-2025
48%
81 Aaron Wan-Bissaka DF 15 0 (2) 2020-2021, 2023-2024
47%
107 Myles Lewis-Skelly DF 10 0 (1) 2024-2025
47%
101 Robbie Fowler FW 10 2 (0) 2001-2002, 2005-2007
47%
96 Ezri Konsa DF 11 1 (0) 2024-2025
46%
124 Gareth Barry MF 8 0 (0) 2011-2013
46%
196 Harvey Barnes MF, FW 2 0 (0) 2016-2017, 2023-2024
46%
103 Aaron Lennon MF, FW 10 0 (5) 2010-2011
45%
116 Adam Lallana MF, FW 9 0 (0) 2014-2015, 2017-2019
45%
64 Emile Heskey FW 20 4 (4) 2001-2003
45%
125 Kelvin Wilson DF 8 0 (0) 2012-2013
45%
160 Callum Wilson FW 4 0 (0) 2023-2024
44%
53 Harry Winks MF 24 0 (0) 2016-2020
44%
111 Marc Albrighton DF, MF, FW 9 2 (0) 2016-2017
44%
169 Tyrone Mings DF 4 0 (0) 2024-2025
44%
144 Rhys Williams DF 6 0 (0) 2020-2021
43%
191 Brandon Williams DF 2 0 (0) 2020-2021
42%
93 Ross Barkley MF, FW 12 1 (0) 2019-2020, 2021-2022, 2024-2025
42%
158 Dan Burn DF 4 1 (0) 2023-2024
41%
78 Fabian Delph DF, MF 16 0 (0) 2015-2016, 2017-2019
41%
214 Nathaniel Clyne DF 2 0 (0) 2017-2018
41%
127 Ethan Nwaneri MF, FW 7 2 (0) 2024-2025
40%
133 Eddie Nketiah MF, FW 6 1 (0) 2023-2024
39%
177 Emile Smith Rowe MF, FW 3 0 (0) 2023-2024
39%
108 Joleon Lescott DF 10 0 (0) 2011-2014
39%
207 Ledley King DF, MF 2 0 (0) 2010-2011
39%
61 Wayne Bridge DF 22 2 (0) 2003-2004, 2006-2008
39%
117 Danny Simpson DF 9 0 (0) 2007-2008, 2016-2017
38%
174 Ben Foster GK 3 0 (0) 2008-2010
37%
79 Fraser Forster GK 16 0 (0) 2012-2013, 2022-2023
37%
206 Kobbie Mainoo MF, FW 2 0 (0) 2023-2024
36%
216 Scott Carson GK 2 0 (0) 2004-2005, 2021-2022
36%
114 Trevoh Chalobah DF, MF 9 1 (0) 2021-2023
36%
173 Ben Davies DF 3 0 (0) 2022-2023
35%
162 Dominic Solanke MF, FW 4 0 (0) 2014-2015, 2017-2018
35%
121 Jonathan Woodgate DF 8 1 (0) 2000-2001, 2005-2006, 2010-2011
35%
105 Reiss Nelson MF, FW 10 0 (2) 2018-2019, 2023-2024
35%
208 Lloyd Kelly DF 2 0 (0) 2024-2025
34%
209 Martin Kelly DF, MF 2 0 (0) 2008-2010
34%
168 Scott Parker MF 4 0 (0) 2004-2005
34%
122 Calum Chambers DF, MF 8 0 (1) 2014-2016
33%
51 Ray Parlour MF 25 2 (0) 2000-2004
33%
258 Rob Holding DF 1 0 (0) 2016-2017
33%
119 Marcus Edwards MF, FW 8 2 (1) 2021-2022, 2024-2025
32%
62 Martin Keown DF, MF 21 2 (0) 2000-2004
32%
76 Shaun Wright-Phillips MF, FW 17 1 (1) 2005-2008
32%
65 Danny Murphy MF 20 3 (6) 2001-2003
31%
248 Lewis Hall DF 1 0 (0) 2023-2024
31%
143 Paul Robinson GK 6 0 (0) 2000-2001
31%
171 Jacob Murphy DF, MF, FW 3 0 (1) 2023-2024
30%
163 Jarell Quansah DF 4 0 (0) 2024-2025
30%
142 Oliver Skipp DF, MF 6 0 (0) 2019-2020, 2022-2023
29%
167 Ryan Bertrand DF, MF 4 0 (0) 2011-2013
29%
159 Danny Ings FW 4 0 (1) 2017-2018
28%
135 James Tavernier DF 6 1 (0) 2022-2023
28%
185 Valentino Livramento DF 3 0 (0) 2023-2024
28%
222 Ainsley Maitland-Niles DF, MF 1 0 (0) 2014-2015
26%
86 Jermaine Jenas MF 14 0 (1) 2002-2003, 2010-2011
26%
104 Kieron Dyer MF 10 0 (3) 2002-2003
26%
257 Nico O’Reilly DF, FW 1 0 (0) 2024-2025
26%
170 Rickie Lambert FW 3 1 (0) 2014-2015
26%
115 Tom Cleverley MF 9 0 (1) 2012-2014
26%
134 James Mcatee MF, FW 6 1 (0) 2021-2022, 2024-2025
25%
89 Lee Dixon DF 13 1 (0) 2000-2002
25%
112 Patrick Roberts MF, FW 9 2 (0) 2016-2018
25%
149 Sean Longstaff MF 5 1 (0) 2023-2024
25%
155 Stuart Taylor GK 5 0 (0) 2000-2003
25%
202 Joe Willock MF, FW 2 0 (0) 2023-2024
24%
85 Kieran Richardson DF, MF 14 1 (0) 2002-2003, 2004-2007
24%
106 Carl Jenkinson DF 10 0 (1) 2011-2013, 2016-2017
23%
151 Jamaal Lascelles DF 5 0 (0) 2023-2024
22%
66 Jermaine Pennant MF 20 0 (3) 2001-2002, 2006-2008
22%
213 Michael Gray DF, MF 2 0 (0) 2003-2004
22%
195 Elliot Anderson MF, FW 2 0 (0) 2023-2024
21%
249 Liam Delap FW 1 0 (0) 2021-2022
18%
164 Michael Dawson DF 4 0 (0) 2010-2011
18%
97 Scott Sinclair MF, FW 11 1 (0) 2012-2013, 2016-2018
18%
175 Carney Chukwuemeka MF, FW 3 0 (0) 2024-2025
17%
172 Lewis Miley MF 3 0 (1) 2023-2024
17%
113 Samuel Iling-Junior DF, MF, FW 9 1 (1) 2022-2023, 2024-2025
17%
156 Tom Huddlestone MF 5 0 (0) 2010-2011
17%
139 Bobby Clark MF, FW 6 0 (0) 2024-2025
16%
77 Chris Sutton DF, FW 16 7 (1) 2001-2002, 2003-2005
16%
179 Kyle Walker-Peters DF 3 0 (0) 2017-2020
16%
109 Nigel Martyn GK 10 0 (0) 2000-2001
16%
132 Ryan Sessegnon DF, MF, FW 6 1 (1) 2019-2020, 2022-2023
16%
267 Tom Heaton GK 1 0 (0) 2021-2022
16%
211 Matt Targett DF, MF 2 0 (0) 2023-2024
15%
130 Matt Upson DF 7 0 (0) 2000-2002
15%
88 Lee Bowyer MF 13 6 (2) 2000-2001
14%
140 Chris Kirkland GK 6 0 (0) 2001-2002, 2004-2005
13%
98 Francis Jeffers FW 11 0 (0) 2001-2002, 2005-2006
12%
84 Alan Thompson MF 14 3 (0) 2001-2002, 2003-2005
11%
145 Ryan Kent MF, FW 6 0 (0) 2022-2023
11%
146 Stephen Warnock DF 6 0 (0) 2004-2006
11%
190 Ben Godfrey DF 2 0 (0) 2024-2025
10%
87 Danny Mills DF 14 0 (0) 2000-2001
10%
141 Josh McEachran MF 6 0 (0) 2010-2011
10%
184 Tyler Morton MF 3 0 (0) 2021-2022, 2024-2025
10%
182 Nick Powell MF, FW 3 0 (0) 2012-2013, 2015-2016
9%
183 Tosin Adarabioyo DF 3 0 (0) 2016-2018
9%
123 David Batty MF 8 0 (1) 2000-2001
8%
137 Michael Ball DF 6 0 (1) 2003-2004
8%
181 Nick Barmby MF, FW 3 0 (0) 2001-2002
8%
198 Jahmai Simpson-Pusey DF 2 0 (0) 2024-2025
7%
226 Ben Hutchinson FW 1 0 (0) 2008-2009
6%
128 Gary Hooper FW 7 2 (0) 2012-2013
6%
197 Jack Rodwell DF, MF 2 0 (0) 2012-2014
6%
200 Japhet Tanganga DF 2 0 (0) 2019-2020, 2022-2023
6%
239 Jayden Danns DF, MF, FW 1 0 (0) 2024-2025
6%
201 Jay Spearing MF 2 0 (0) 2008-2009
6%
187 Neil Mellor FW 2 1 (1) 2004-2005
6%
219 Steve Harper GK 2 0 (0) 2002-2003
6%
269 Trey Nyoni MF, FW 1 0 (0) 2024-2025
6%
223 Amara Nallo DF 1 0 (0) 2024-2025
5%
161 Connor Goldson DF 4 0 (0) 2022-2023
5%
233 David May DF 1 0 (0) 2001-2002
5%
152 John Lundstram DF, MF 5 0 (0) 2022-2023
5%
136 Luke Chadwick MF 6 0 (1) 2000-2001, 2002-2003
5%
180 Michael Bridges MF, FW 3 0 (0) 2000-2001
5%
193 Chris Eagles MF 2 0 (0) 2004-2005, 2007-2008
4%
199 James Beattie FW 2 0 (0) 2010-2011
4%
148 Jason Wilcox MF, FW 5 1 (0) 2000-2001
4%
212 Michael Duberry DF 2 0 (0) 2000-2001
4%
268 Tommy Doyle MF 1 0 (0) 2020-2021
4%
228 Chuba Akpom MF, FW 1 0 (0) 2024-2025
3%
186 Darren Huckerby MF, FW 2 1 (1) 2000-2001
3%
237 James McConnell MF, FW 1 0 (0) 2024-2025
3%
241 John Welsh MF 1 0 (0) 2004-2005
3%
203 Jonathan Greening MF 2 0 (0) 2000-2001
3%
205 Josh Wilson-Esbrand DF, MF 2 0 (0) 2022-2023
3%
74 Lee Naylor DF 18 0 (1) 2006-2009
3%
260 Ross Turnbull GK 1 0 (0) 2010-2011
3%
264 Taylor Harwood-Bellis DF 1 0 (0) 2019-2020
3%
147 Titus Bramble DF 6 0 (0) 2002-2003
3%
95 Andy Griffin DF 11 1 (0) 2002-2003
2%
224 Ben Amos GK 1 0 (0) 2010-2011
2%
227 Cameron Borthwick-Jackson DF, MF 1 0 (0) 2015-2016
2%
229 CJ Egan-Riley DF 1 0 (0) 2021-2022
2%
231 Danny Guthrie MF 1 0 (0) 2006-2007
2%
178 Jaden Philogene Bidace DF, MF, FW 3 0 (0) 2024-2025
2%
240 John Lukic GK 1 0 (0) 2000-2001
2%
253 Mark Randall MF 1 0 (0) 2008-2009
2%
210 Matt Derbyshire FW 2 0 (0) 2009-2010
2%
188 Micah Hamilton FW 2 1 (0) 2023-2024
2%
215 Rod Wallace FW 2 0 (0) 2000-2001
2%
218 Stephen Darby DF 2 0 (0) 2008-2010
2%
225 Ben Hamer GK 1 0 (0) 2016-2017
1%
176 Danny Pugh DF, MF 3 0 (0) 2002-2003
1%
235 Jacob Mellis MF 1 0 (0) 2010-2011
1%
238 Jay Emmanuel-Thomas MF, FW 1 0 (0) 2010-2011
1%
256 Nathan Butler-Oyedeji FW 1 0 (0) 2024-2025
1%
259 Ronnie Wallwork DF, MF 1 0 (0) 2000-2001
1%
261 Shola Shoretire MF, FW 1 0 (0) 2021-2022
1%
262 Stefan O'Connor DF 1 0 (0) 2014-2015
1%
263 Steve Guppy MF 1 0 (0) 2001-2002
1%
265 Teden Mengi DF 1 0 (0) 2021-2022
1%
266 Thomas Cruise DF 1 0 (0) 2009-2010
1%
220 Tony Hackworth DF, FW 2 0 (0) 2000-2001
1%
230 Craig Eastmond DF, MF 1 0 (0) 2010-2011
0%
232 Danny Webber FW 1 0 (0) 2002-2003
0%
234 Faustino Anjorin MF, FW 1 0 (0) 2020-2021
0%
204 Josh Onomah MF, FW 2 0 (0) 2016-2017
0%
243 Kerrea Gilbert DF 1 0 (0) 2005-2006
0%
244 Kyle Bartley DF 1 0 (0) 2009-2010
0%
245 Lee Peltier DF 1 0 (0) 2006-2007
0%
246 Lee Roche DF 1 0 (0) 2002-2003
0%
247 Leighton Clarkson MF 1 0 (0) 2020-2021
0%
250 Luke Mbete-Tatu DF 1 0 (0) 2021-2022
0%
251 Malachi Fagan-Walcott DF 1 0 (0) 2019-2020
0%
252 Mark Lynch DF 1 0 (0) 2002-2003
0%
254 Max Woltman FW 1 0 (0) 2021-2022
0%
255 Michael Chopra FW 1 0 (0) 2002-2003
0%
217 Scott Wootton DF 2 0 (0) 2012-2013
0%
270 Zeki Fryers DF 1 0 (0) 2011-2012
0%
No matching quizzes found
Score Distribution
Percent of People with Each Score
Percentile by Number Answered
Your Score History
You have not taken this quiz